000 00652nam a2200253Ia 4500
005 20250425160702.0
008 250425s9999 xx 000 0 und d
020 _a9586530256
041 _aspa
082 _a658.42
100 _aTHORNTON, PAUL B.
245 0 _aLECCIONES GERENCIALES : TECNICAS SIMPLES QUE PRODUCEN GRANDES RESULTADOS
250 _a1A ED.
260 _aBOGOTA
260 _aColombia
_bLEGIS FONDO EDITORIAL
_c1992
300 _a156
500 _aserie empresarial
650 _aGERENTES
650 _aLIDERAZGO
650 _aTOMA DE DECISIONES
700 _aTERESA NIÑO
_etraductor
942 _c01
010 _a2282
999 _c194092
_d194092